000 01038cam a22002773 4500
001 7692
003 BD-RjUL
005 20211208234446.0
008 140115s1955 gw a b 001 0 eng
035 _a(BD-RjUL)7736
040 _aDLC
_cDLC
_beng
_dBD-RjUL
041 _aeng
082 _219
_a514
_bRAC 1955
100 1 _aRadó, Tibor,
_d1895-1965.
_923983
245 1 0 _aContinuous transformations in analysis :
_bwith an introduction to algebraic topology /
_cT. Rado and P.V. Reichelderfer.
260 _aBerlin :
_bSpringer,
_cc1955.
300 _avi, 441 p. :
_billus. ;
_c23 cm.
504 _aIncludes bibliographical references and index.
650 0 _aTransformations (Mathematics)
_920245
650 0 _aTopology.
_923985
700 1 _aReichelderfer, P. V., [from old catalog]
_ejoint author.
_923986
942 _2ddc
_cBK
999 _c7692
_d7692